| 000 | 00317nam a2200133 i 4500 | ||
|---|---|---|---|
| 001 | bg | ||
| 100 | 1 | _aMATCHANOW, P. W. | |
| 245 | 0 |
_aOsnowy analiza elektriceskich cepej / _cP.W. Matchanow. |
|
| 260 |
_aMoskwa, _c1972. |
||
| 040 | _cBPK | ||
| 041 | _apol | ||
| 942 | _cKS | ||
| 008 | s pl f |000 0 pol | ||
| 999 |
_c14969 _d14969 |
||
| 856 |
_uhttp://koha.tu.koszalin.pl/cgi-bin/koha/opac-detail.pl?biblionumber=14969 _yKatalog online BPK |
||